Country Puzzle #2 - Statistics

General Stats
  • This quiz has been taken 25 times
  • The average score is 7 of 15
Answer Stats
Hint Answer Hint % Correct
Eiffel Tower France Landmark
100%
Mercedes-Benz Germany Car Brand
92%
Statue of Liberty United States Landmark
88%
Leibez Belize Word Scramble
75%
Ivaita Latvia Word Scramble
71%
Nelsgea Senegal Word Scramble
58%
Jonas Gahr Støre Norway Leader
54%
Black Mountain Montenegro Nickname
42%
LI Liechtenstein Abbreviation
29%
Mar Chiquita Lake Argentina Lake
21%
Chappal Waddi Nigeria Mountain
21%
The Two Lands Egypt Nickname
17%
Belau rekid Palau National Anthem
13%
10,223,138 Papua New Guinea Population
8%
Adenium multiflorum Ghana Flower
4%
No matching quizzes found
Score Distribution
Percent of People with Each Score
Percentile by Number Answered
Your Score History
You have not taken this quiz